Wird geladen...
Exam pre technical rescue:vehicle/machinery and water/ice
| 1. Verfasser: | |
|---|---|
| Sprache: | English |
| Schlagworte: |
Traffic accidents-Examinations-Study guide
> Machinery-accidents-Examinations-Study guide
> Aquatic sports injuries-Examinations-Study guide
> Drowning-Prevention-Examinations-Study guide
> Ice accidents-Examinations-Study guide
> First aid in illness and injury-Examinations-Study guide
> Life saving-Equipment and supplies-Examinations-Study guide
> Rescue work-Examinations-Study guide
|
| LEADER | 00732nam a22001337a 4500 | ||
|---|---|---|---|
| 005 | 20151026132840.0 | ||
| 008 | 101013t xxu||||| |||| 00| 0 eng d | ||
| 080 | |a (079.1):614.86 |b HIR R | ||
| 100 | |a Hirst, Ben A |9 13437 | ||
| 245 | |a Exam pre |b technical rescue:vehicle/machinery and water/ice | ||
| 300 | |a x, 151p. | ||
| 653 | |a Traffic accidents-Examinations-Study guide |a Machinery-accidents-Examinations-Study guide |a Aquatic sports injuries-Examinations-Study guide |a Drowning-Prevention-Examinations-Study guide |a Ice accidents-Examinations-Study guide |a First aid in illness and injury-Examinations-Study guide |a Life saving-Equipment and supplies-Examinations-Study guide |a Rescue work-Examinations-Study guide | ||
| 942 | |c BK |6 _ | ||
| 999 | |c 57460 |d 57460 | ||